000 00376nam a2200145Ia 4500
008 240624s9999 xx 000 0 und d
041 _aeng
082 _a658.4012 MIT
100 _aMITRA AMITAVA
245 _aFUNDAMENTALS OF QUALITY CONTROL AND IMPR
250 _a(3rd ed.)
260 _c2015
_aNew Delhi
_bWiley
300 _axxii, : 700 : p. : cm. ; 26
365 _cRS
_b33
999 _c24700
_d24700